书目信息 |
| 题名: |
兰言述略
|
|
| 作者: | 袁世俊 著 ;莫磊 , 王忠 译注 | |
| 分册: | ||
| 出版信息: | 北京 中国林业出版社 2019.07 |
|
| 页数: | 230页 | |
| 开本: | 24cm | |
| 丛书名: | 中国兰花古籍注译丛书 | |
| 单 册: | ||
| 中图分类: | S682.31 | |
| 科图分类: | ||
| 主题词: | 兰科--lan ke--花卉--观赏园艺--中国 | |
| 电子资源: | ||
| ISBN: | 978-7-5219-0073-6 | |
| 000 | 01325nam 2200289 450 | |
| 001 | 0106081851 | |
| 005 | 20201106082046.0 | |
| 010 | @a978-7-5219-0073-6@dCNY88.00 | |
| 100 | @a20190815d2019 em y0chiy50 ea | |
| 101 | 0 | @achi |
| 102 | @aCN@b110000 | |
| 105 | @aa z 000yy | |
| 106 | @ar | |
| 200 | 1 | @a兰言述略@Alan yan shu lue@f(清)袁世俊著@g莫磊,王忠译注校订 |
| 210 | @a北京@c中国林业出版社@d2019.07 | |
| 215 | @a230页@c图@d24cm | |
| 225 | 2 | @a中国兰花古籍注译丛书@Azhong guo lan hua gu ji zhu yi cong shu |
| 300 | @a2011-2020年国家古籍整理出版规划项目“十三五”国家重大出版物出版规划项目 | |
| 330 | @a本书是有关兰花古籍的书,全书除序言和总说之外,其正文分为四卷,每卷各有两个内容组成。论述花品、花性,言简意赅、定义准确,使前辈兰人著作中一些朦胧的说法变得明晰确切。叙述种类、培养等,更是写得有条有理,还补充了前人没有说到的知识,抓住典型、分析特征。按花品档次高下给兰花排队的方法,介绍它们各自的审美价值,即“二种”“九品”等。书中特别强调了兰蕙的个性,要求读者必须深刻了解兰花的好恶。 | |
| 461 | 0 | @12001 @a中国兰花古籍注译丛书 |
| 606 | 0 | @a兰科@Alan ke@x花卉@x观赏园艺@y中国 |
| 690 | @aS682.31@v5 | |
| 701 | 0 | @c(清)@a袁世俊@Ayuan shi jun@4著 |
| 702 | 0 | @a莫磊@Amo lei@4译注@4校订 |
| 702 | 0 | @a王忠@Awang zhong@4译注@4校订 |
| 801 | 0 | @aCN@bBJSZM@c20201106 |
| 905 | @b1193424-7@dS682.31@e617@f4 | |
| 兰言述略/(清)袁世俊著/莫磊,王忠译注校订.-北京:中国林业出版社,2019.07 |
| 230页:图;24cm.-(中国兰花古籍注译丛书) |
| 2011-2020年国家古籍整理出版规划项目“十三五”国家重大出版物出版规划项目 |
| ISBN 978-7-5219-0073-6:CNY88.00 |
| 本书是有关兰花古籍的书,全书除序言和总说之外,其正文分为四卷,每卷各有两个内容组成。论述花品、花性,言简意赅、定义准确,使前辈兰人著作中一些朦胧的说法变得明晰确切。叙述种类、培养等,更是写得有条有理,还补充了前人没有说到的知识,抓住典型、分析特征。按花品档次高下给兰花排队的方法,介绍它们各自的审美价值,即“二种”“九品”等。书中特别强调了兰蕙的个性,要求读者必须深刻了解兰花的好恶。 |
| ● |
| 相关链接 |
|
|
|
|
正题名:兰言述略
索取号:S682.31/617
 
预约/预借
| 序号 | 登录号 | 条形码 | 馆藏地/架位号 | 状态 | 备注 |
| 1 | 1193424 | 211934246 | 第二样本阅览室/ [索取号:S682.31/617] | 在馆 | |
| 2 | 1193425 | 211934255 | 第三借阅区/ [索取号:S682.31/617] | 在馆 | |
| 3 | 1193426 | 211934264 | 第三借阅区/ [索取号:S682.31/617] | 在馆 | |
| 4 | 1193427 | 211934273 | 第三借阅区/ [索取号:S682.31/617] | 在馆 |